| 000 | 00734nam a2200229 i 4500 | ||
|---|---|---|---|
| 001 | 149825 | ||
| 003 | ES-MaACL | ||
| 005 | 20230906203256.0 | ||
| 007 | t| | ||
| 008 | 071024s1953 sp ||||1| spa d | ||
| 100 | 1 |
_aVan der Meersch, Maxence. _9113032 |
|
| 245 | 1 | 3 |
_aEl coraje de vivir _b: novela / _cde Maxence Van der Meersch ; [traducción del francés por Tilli de Rafael]. |
| 250 | _a[1ª ed.]. | ||
| 260 |
_aBarcelona : _bJosé Janés, _c1953. |
||
| 300 |
_a263 p. ; _c22 cm. |
||
| 490 | 1 | _aLos maestros de la novela | |
| 700 | 1 |
_aRafael, Tilli de. _994952 |
|
| 830 | 0 |
_aLos maestros de la novela _9182005 |
|
| 852 |
_aES-MaACL _jC-7274 _bR.36058 |
||
| 852 |
_aES-MaACL _jC-9097 _bR.35837 |
||
| 999 |
_c149825 _d149825 |
||